[Event "Oberliga Bayern 9899"]
[Site "Bayern"]
[Date "1998.10.11"]
[Round "1.2"]
[White "Wendt, Rene"]
[Black "Reilein, Christian"]
[Result "1-0"]
[WhiteElo "2275"]
[BlackElo "2310"]
[PlyCount "79"]
[EventDate "1998.10.11"]
[EventType "team-tourn"]
[EventRounds "9"]
[EventCountry "GER"]
[SourceTitle "EXT 2020"]
[Source "ChessBase"]
[SourceDate "2019.10.17"]
[SourceVersion "1"]
[SourceVersionDate "2019.10.17"]
[SourceQuality "1"]
[WhiteTeam "Muenchen FC Bayern"]
[BlackTeam "Ingolstadt"]
[WhiteTeamCountry "GER"]
[BlackTeamCountry "GER"]

1. Nf3 Nf6 2. c4 d6 3. d4 c6 4. Nc3 Bf5 5. Nh4 Bc8 6. Nf3 Bg4 7. e4 Nbd7 8. Be2 e5 9. Be3 Be7 10. 0-0 0-0 11. d5 cxd5 12. cxd5 Qb8 13. Nd2 Bxe2 14. Qxe2 Rc8 15. a4 a5 16. f3 Nc5 17. Nb5 Nfd7 18. b3 Rf8 19. Rab1 f5 20. exf5 Rxf5 21. Ne4 Nxe4 22. fxe4 Rxf1+ 23. Rxf1 Qd8 24. Qg4 Nf6 25. Qe6+ Kh8 26. Rc1 Nxe4 27. Rc7 Bf8 28. g3 b6 29. Qf5 Nf6 30. Bg5 h6 31. Bxf6 Qxf6 32. Qxf6 gxf6 33. g4 h5 34. h3 hxg4 35. hxg4 Rd8 36. Kf2 Bh6 37. Kf3 e4+ 38. Kxe4 Rg8 39. Nxd6 Rxg4+ 40. Kf5 1-0

[Event "Landesliga Sued 9798"]
[Site "Bayern"]
[Date "1998.04.26"]
[Round "9.2"]
[White "Reilein, Christian"]
[Black "Fauth, Dietmar"]
[Result "1-0"]
[WhiteElo "2265"]
[BlackElo "2170"]
[PlyCount "103"]
[EventDate "1997.10.19"]
[EventType "team-tourn"]
[EventRounds "9"]
[EventCountry "GER"]
[SourceTitle "EXT 2020"]
[Source "ChessBase"]
[SourceDate "2019.10.17"]
[SourceVersion "1"]
[SourceVersionDate "2019.10.17"]
[SourceQuality "1"]
[WhiteTeam "Ingolstadt"]
[BlackTeam "Muenchen Siemens"]
[WhiteTeamCountry "GER"]
[BlackTeamCountry "GER"]

1. d4 Nf6 2. Nf3 e6 3. g3 c5 4. Bg2 Nc6 5. 0-0 d5 6. c4 dxc4 7. Ne5 Bd7 8. Nxc4 cxd4 9. Bf4 Be7 10. Nd6+ Kf8 11. Nxb7 Qb6 12. Qb3 e5 13. Bd2 Rb8 14. Na5 Nxa5 15. Bxa5 Qd6 16. Qc2 Rc8 17. Qd2 h5 18. Na3 g6 19. Rac1 Kg7 20. Nc4 Qe6 21. Bb4 Bxb4 22. Qxb4 h4 23. b3 hxg3 24. fxg3 Bc6 25. Qd6 Bxg2 26. Qxe6 fxe6 27. Kxg2 e4 28. h4 Rhd8 29. Rf4 e5 30. Rff1 Ng4 31. Kh3 Ne3 32. Nxe3 dxe3 33. a4 Rxc1 34. Rxc1 Rd2 35. Rc4 Rxe2 36. Rxe4 Kf6 37. Kg4 a5 38. b4 axb4 39. Rxb4 Ra2 40. Kf3 e2 41. Kf2 Ra3 42. g4 Re3 43. Ke1 e4 44. a5 Ke5 45. Ra4 Rd3 46. a6 Rd8 47. a7 Ra8 48. Ra6 Kf4 49. h5 gxh5 50. gxh5 Kf3 51. Ra3+ e3 52. h6 1-0

[Event "Landesliga Sued 9798"]
[Site "Bayern"]
[Date "1998.01.11"]
[Round "4.2"]
[White "Egger, Thomas"]
[Black "Reilein, Christian"]
[Result "1/2-1/2"]
[WhiteElo "1972"]
[BlackElo "2265"]
[PlyCount "116"]
[EventDate "1997.10.19"]
[EventType "team-tourn"]
[EventRounds "9"]
[EventCountry "GER"]
[SourceTitle "EXT 2020"]
[Source "ChessBase"]
[SourceDate "2019.10.17"]
[SourceVersion "1"]
[SourceVersionDate "2019.10.17"]
[SourceQuality "1"]
[WhiteTeam "Krumbach"]
[BlackTeam "Ingolstadt"]
[WhiteTeamCountry "GER"]
[BlackTeamCountry "GER"]

1. Nf3 d5 2. g3 c6 3. Bg2 Bg4 4. 0-0 Nd7 5. d4 e6 6. c4 Be7 7. Nc3 Bxf3 8. Bxf3 f5 9. Bg2 Ngf6 10. Qd3 0-0 11. cxd5 cxd5 12. Bg5 a6 13. Rad1 b5 14. f3 b4 15. Na4 Qa5 16. b3 Rfc8 17. Bxf6 Nxf6 18. e4 g6 19. exf5 gxf5 20. Rc1 Nd7 21. Qe3 Nf8 22. g4 Rxc1 23. Rxc1 fxg4 24. fxg4 Qd8 25. Rf1 Rc8 26. Qf4 Qe8 27. Nb6 Rd8 28. Qe5 Bd6 29. Qg5+ Kh8 30. Nxd5 Nd7 31. Re1 Rc8 32. Qh6 Bf8 33. Qxe6 Qxe6 34. Rxe6 Bg7 35. Re4 Nf6 36. Nxf6 Bxf6 37. d5 Rc2 38. Rxb4 Rxa2 39. Rb8+ Kg7 40. Rb7+ Kh6 41. Be4 Kg5 42. Rxh7 Kxg4 43. d6 Rb2 44. Bd5 Rd2 45. Be6+ Kf3 46. Rh3+ Ke4 47. d7 Bg5 48. Kf1 Ke5 49. Bc4 Rxd7 50. Bxa6 Bf4 51. Be2 Rd2 52. b4 Rb2 53. b5 Ke4 54. Kf2 Be5 55. Rh4+ Kf5 56. Ke3 Rb3+ 57. Bd3+ Kg5 58. Rh7 Rb4 1/2-1/2

[Event "Landesliga Sued 9798"]
[Site "Bayern"]
[Date "1997.12.07"]
[Round "3.2"]
[White "Reilein, Christian"]
[Black "Nurbekoglu, Michael"]
[Result "1-0"]
[WhiteElo "2265"]
[BlackElo "2105"]
[PlyCount "75"]
[EventDate "1997.10.19"]
[EventType "team-tourn"]
[EventRounds "9"]
[EventCountry "GER"]
[SourceTitle "EXT 2020"]
[Source "ChessBase"]
[SourceDate "2019.10.17"]
[SourceVersion "1"]
[SourceVersionDate "2019.10.17"]
[SourceQuality "1"]
[WhiteTeam "Ingolstadt"]
[BlackTeam "Landshut"]
[WhiteTeamCountry "GER"]
[BlackTeamCountry "GER"]

1. d4 Nf6 2. Nf3 g6 3. c4 Bg7 4. Nc3 0-0 5. e4 d6 6. Be2 e5 7. dxe5 dxe5 8. Qxd8 Rxd8 9. Bg5 Rf8 10. Nd5 Nxd5 11. cxd5 f6 12. Be3 Kh8 13. h4 h5 14. Nd2 c6 15. f3 Rd8 16. Rc1 Bd7 17. g4 Be8 18. gxh5 gxh5 19. Rg1 Bf8 20. Kf2 Bf7 21. f4 cxd5 22. fxe5 d4 23. Bf4 d3 24. Bxd3 Nc6 25. Be2 fxe5 26. Bg5 Rd7 27. Bf6+ Kh7 28. Nf3 Bh6 29. Ng5+ Bxg5 30. Rxg5 Rg8 31. Rcg1 Rxg5 32. Rxg5 Bg6 33. Ke3 Nb4 34. Rxe5 Nc2+ 35. Kf4 Rf7 36. Re7 Nd4 37. Rxf7+ Bxf7 38. Bxd4 1-0

[Event "Landesliga Sued 9697"]
[Site "Bayern"]
[Date "1997.04.13"]
[Round "8"]
[White "Kaunzinger, Albert"]
[Black "Reilein, Christian"]
[Result "0-1"]
[WhiteElo "2280"]
[BlackElo "2295"]
[PlyCount "64"]
[EventDate "1996.10.13"]
[EventType "team-tourn"]
[EventRounds "9"]
[EventCountry "GER"]
[SourceTitle "EXT 2020"]
[Source "ChessBase"]
[SourceDate "2019.10.17"]
[SourceVersion "1"]
[SourceVersionDate "2019.10.17"]
[SourceQuality "1"]
[WhiteTeam "Groebenzell"]
[BlackTeam "Ingolstadt"]
[WhiteTeamCountry "GER"]
[BlackTeamCountry "GER"]

1. d4 Nf6 2. Bf4 d5 3. e3 Bf5 4. c4 c6 5. Qb3 Qb6 6. c5 Qxb3 7. axb3 Nbd7 8. b4 a6 9. h3 h6 10. Nf3 g5 11. Bh2 Bg7 12. Nbd2 0-0 13. Nb3 Ne4 14. Na5 Ra7 15. Be2 Re8 16. 0-0 e5 17. Rfe1 Re7 18. b5 Ndxc5 19. dxc5 axb5 20. b4 Nc3 21. Bf1 Re8 22. Nb3 Ra4 23. Rxa4 bxa4 24. Na5 a3 25. Ra1 a2 26. Nxb7 Bb1 27. Nd6 Rb8 28. Bxe5 Rxb4 29. Bxg7 Kxg7 30. Nd4 Bg6 31. Nxc6 Rb1 32. Rxa2 Nxa2 0-1

[Event "Landesliga Sued 9697"]
[Site "Bayern"]
[Date "1997.03.02"]
[Round "7"]
[White "Reilein, Christian"]
[Black "Gesing, Oliver"]
[Result "1-0"]
[WhiteElo "2295"]
[BlackElo "2190"]
[PlyCount "83"]
[EventDate "1996.10.13"]
[EventType "team-tourn"]
[EventRounds "9"]
[EventCountry "GER"]
[SourceTitle "EXT 2020"]
[Source "ChessBase"]
[SourceDate "2019.10.17"]
[SourceVersion "1"]
[SourceVersionDate "2019.10.17"]
[SourceQuality "1"]
[WhiteTeam "Ingolstadt"]
[BlackTeam "Graefelfing SK"]
[WhiteTeamCountry "GER"]
[BlackTeamCountry "GER"]

1. d4 d5 2. Nf3 Nf6 3. c4 c6 4. Nc3 dxc4 5. a4 Bf5 6. Ne5 e6 7. f3 Bb4 8. e4 Bxe4 9. fxe4 Nxe4 10. Bd2 Qxd4 11. Nxe4 Qxe4+ 12. Qe2 Bxd2+ 13. Kxd2 Qd5+ 14. Kc2 Na6 15. Nxc4 0-0-0 16. Qe5 f6 17. Qe3 Qf5+ 18. Kc3 Nc5 19. Be2 Qf2 20. Qxf2 Ne4+ 21. Kc2 Nxf2 22. Rhe1 Rd4 23. Kc3 Rhd8 24. Bf3 e5 25. Re3 b5 26. Na5 b4+ 27. Kb3 Nd3 28. Bxc6 Kc7 29. Bb5 Nc5+ 30. Ka2 a6 31. Rc1 Kb6 32. Rxc5 Kxc5 33. Nb7+ Kb6 34. Nxd8 axb5 35. a5+ Ka6 36. Ne6 Rd2 37. Rg3 g5 38. Rf3 Rxg2 39. Rxf6 Rxh2 40. Nd4+ Ka7 41. Nxb5+ Kb8 42. a6 1-0

[Event "Landesliga Sued 9697"]
[Site "Bayern"]
[Date "1996.12.08"]
[Round "3"]
[White "Reilein, Christian"]
[Black "Schmidt, Wolfgang"]
[Result "0-1"]
[WhiteElo "2295"]
[BlackElo "1897"]
[PlyCount "53"]
[EventDate "1996.10.13"]
[EventType "team-tourn"]
[EventRounds "9"]
[EventCountry "GER"]
[SourceTitle "EXT 2020"]
[Source "ChessBase"]
[SourceDate "2019.10.17"]
[SourceVersion "1"]
[SourceVersionDate "2019.10.17"]
[SourceQuality "1"]
[WhiteTeam "Ingolstadt"]
[BlackTeam "Landshut"]
[WhiteTeamCountry "GER"]
[BlackTeamCountry "GER"]

1. d4 Nf6 2. Nf3 c5 3. d5 g6 4. Nc3 Bg7 5. e4 0-0 6. Be2 b5 7. e5 Ng4 8. Bf4 b4 9. Ne4 f6 10. exf6 Nxf6 11. Nxc5 Qa5 12. Be3 Na6 13. Nxa6 Bxa6 14. d6 e6 15. 0-0 Nd5 16. Bd4 Bxd4 17. Nxd4 Qb6 18. a3 Rf4 19. Nf3 Bxe2 20. Qxe2 Qxd6 21. axb4 Rxb4 22. Ra2 Rf8 23. c3 Rg4 24. Qe5 Qc6 25. Nd4 Rxg2+ 26. Kh1 Qc4 27. Qe1 0-1

[Event "Landesliga Sued 9697"]
[Site "Bayern"]
[Date "1996.11.17"]
[Round "2"]
[White "Anka, Emil"]
[Black "Reilein, Christian"]
[Result "1-0"]
[WhiteElo "2400"]
[BlackElo "2295"]
[PlyCount "47"]
[EventDate "1996.10.13"]
[EventType "team-tourn"]
[EventRounds "9"]
[EventCountry "GER"]
[SourceTitle "EXT 2020"]
[Source "ChessBase"]
[SourceDate "2019.10.17"]
[SourceVersion "1"]
[SourceVersionDate "2019.10.17"]
[SourceQuality "1"]
[WhiteTeam "Trostberg TSV"]
[BlackTeam "Ingolstadt"]
[WhiteTeamCountry "GER"]
[BlackTeamCountry "GER"]

1. e4 e6 2. d4 d5 3. Nd2 Nf6 4. e5 Nfd7 5. c3 c5 6. Bd3 Nc6 7. Ne2 Qb6 8. Nf3 cxd4 9. cxd4 f6 10. exf6 Nxf6 11. 0-0 Bd6 12. b3 0-0 13. Bf4 Bxf4 14. Nxf4 Ne4 15. Ne2 Bd7 16. Bxe4 dxe4 17. Ng5 Rad8 18. Qd2 e5 19. dxe5 Bf5 20. Qc2 Nxe5 21. Ng3 Rd4 22. Nxf5 Rxf5 23. Qc8+ Rf8 24. Qe6+ 1-0